| 000 | 00749nam a2200205Ia 4500 | ||
|---|---|---|---|
| 003 | IN-BaIIA | ||
| 008 | 211028s9999 xx 000 0 eng d | ||
| 020 | _a978-93-81523-14-8 | ||
| 040 | _cIIA Library | ||
| 080 |
_a063:329(540) _bPRO |
||
| 111 |
_aIndian National Congress _n1st _cBombay _935544 |
||
| 245 | 0 |
_aProceedings of the Indian National Congress _bvol. 1, 1885-1889; proceedings of conference held in Bombay, December 28-30, 1885-1889 _cedited by Mushirul Hasan |
|
| 260 |
_aNew Delhi _bNiyogi Books _c2012 |
||
| 300 | _a[various pagings.] | ||
| 650 |
_aIndian National Congress _935545 |
||
| 650 |
_aOrigine of Indian Congress _935546 |
||
| 650 |
_aResolutions of Congress _935547 |
||
| 700 |
_aHasan, Mushirul, ed. _935548 |
||
| 942 | _cBK | ||
| 999 |
_c18502 _d18502 |
||